00414nam a2200133Ia 4500003000400000008004100004020002500045040000800070110004400078245010700122260002400229300001400253365001300267LDD181029s9999 xx 000 0 und d a1591401941cUS79.95 cLDD aIntelligente agents for data mining and 0aIntelligente agents for data mining and information retrievalcIntelligente agents for data mining and aHersheybIdeac2004 axiv,309p. bUS79.95